Statistics for NBA finals MVP from each year 1969-2023

Click here to take the quiz!

General Stats

  • This quiz has been taken 81 times
    (49 since last reset)
  • The average score is 47 of 55

Answer Stats

YearTeam that wonFinals MVP winner% Correct
2010LakersKobe Bryant
100%
2009LakersKobe Bryant
100%
2013HeatLebron James
100%
2020LakersLebron James
100%
2016CavaliersLebron James
100%
2012HeatLebron James
100%
1996BullsMichael Jordan
100%
1993BullsMichael Jordan
100%
1992BullsMichael Jordan
100%
1997BullsMichael Jordan
100%
1998BullsMichael Jordan
100%
1991BullsMichael Jordan
100%
2011MavericksDirk Nowitzki
98%
2006HeatDwayne Wade
98%
2021BucksGiannis Antetokounmpo
98%
2019RaptorsKawhi Leonard
98%
2014SpursKawhi Leonard
98%
2017WarriorsKevin Durant
98%
2018WarriorsKevin Durant
98%
2023NuggetsNikola Jokic
98%
2002LakersShaquille O'Neal
98%
2001LakersShaquille O'Neal
98%
2000LakersShaquille O'Neal
98%
2022WarriorsSteph Curry
98%
2003SpursTim Duncan
98%
1999SpursTim Duncan
98%
2005SpursTim Duncan
98%
2007SpursTony Parker
98%
1995RocketsHakeem Olajuwon
96%
1994RocketsHakeem Olajuwon
96%
1990PistonsIsiah Thomas
96%
1971BucksKareem Abdul-Jabbar
96%
1985LakersKareem Abdul-Jabbar
96%
1984CelticsLarry Bird
96%
1986CelticsLarry Bird
96%
1980LakersMagic Johnson
96%
1982LakersMagic Johnson
96%
1987LakersMagic Johnson
96%
2015WarriorsAndre Iguodala
94%
2008CelticsPaul Pierce
94%
1969LakersJerry West
81%
2004PistonsChauncey Billups
72%
1972LakersWilt Chamberlain
72%
1979SuperSonicsDennis Johnson
66%
1977Trail BlazersBill Walton
64%
198376ersMoses Malone
62%
1974CelticsJohn Havlicek
57%
1988LakersJames Worthy
53%
1978BulletsWestley Unseld
51%
1989PistonsJoe Dumars
49%
1975WarriorsRick Barry
49%
1973KnicksWillis Reed
43%
1970KnicksWillis Reed
43%
1976CelticsJoe White
30%
1981CelticsCedric Maxwell
26%

Score Distribution

Percentile by Number Answered

Percent of People with Each Score

Your Score History

You have not taken this quiz since the last reset